[Event "Johor op-A 7th"]
[Site "Johor"]
[Date "2022.12.28"]
[Round "4"]
[White "Rashidi, Amid"]
[Black "Laohawirapap, Prin"]
[Result "1/2-1/2"]
[WhiteElo "1629"]
[BlackElo "2184"]
[PlyCount "89"]
[EventDate "2022.12.26"]
[EventType "swiss"]
[EventRounds "9"]
[EventCountry "MAS"]
[SourceTitle "CBM 212 Extra"]
[Source "ChessBase"]
[SourceDate "2023.03.31"]
[SourceVersion "1"]
[SourceVersionDate "2023.03.31"]
[SourceQuality "1"]

1. e4 c5 2. Nf3 d6 3. Bb5+ Bd7 4. Bxd7+ Qxd7 5. 0-0 Nc6 6. c3 d5 7. d3 e6 8. Qe2 0-0-0 9. a3 Nge7 10. Be3 Ng6 11. b4 f5 12. exf5 exf5 13. bxc5 Re8 14. Qb2 Nge5 15. Nxe5 Nxe5 16. Qc2 Ng4 17. Bf4 g5 18. Bxg5 Rg8 19. Bf4 Bxc5 20. Nd2 Bd6 21. Bxd6 Qxd6 22. Nf3 Qg6 23. g3 f4 24. Rae1 Rxe1 25. Rxe1 Nxh2 26. Nh4 Nf3+ 27. Nxf3 fxg3 28. Kf1 Qh5 29. Qa4 g2+ 30. Ke2 g1Q 31. Rxg1 Rxg1 32. Qxa7 Rg6 33. Qc5+ Kd7 34. Qb5+ Kd8 35. Qa5+ b6 36. Qa8+ Ke7 37. Qb7+ Kf8 38. Qc8+ Kg7 39. Qc7+ Kf6 40. Qd6+ Kf7 41. Qd7+ Kg8 42. Qd8+ Kg7 43. Qc7+ Kh8 44. Qd8+ Kg7 45. Qc7+ 1/2-1/2

[Event "Penang op-B 14th"]
[Site "Penang"]
[Date "2022.12.20"]
[Round "3"]
[White "Rashidi, Amid"]
[Black "Lim, Zhi Ting"]
[Result "1-0"]
[WhiteElo "1629"]
[BlackElo "1270"]
[PlyCount "129"]
[EventDate "2022.12.19"]
[EventType "swiss"]
[EventRounds "9"]
[EventCountry "MAS"]
[SourceTitle "EXT 2024"]
[Source "ChessBase"]
[SourceDate "2023.10.10"]
[SourceVersion "1"]
[SourceVersionDate "2023.10.10"]
[SourceQuality "1"]

1. e4 e5 2. Nf3 Nc6 3. d4 exd4 4. Nxd4 Qf6 5. Be3 Bc5 6. c3 Nge7 7. Bc4 Ne5 8. Be2 d6 9. 0-0 N7g6 10. Nb5 0-0 11. Nxc7 Rb8 12. Nd5 Qh4 13. Nd2 Be6 14. g3 Qh3 15. Bxc5 dxc5 16. Nf3 Ng4 17. Ne3 Qh5 18. Nxg4 Bxg4 19. Qd5 Qxd5 20. exd5 Rfe8 21. Bd1 Rbd8 22. c4 Bh3 23. Re1 Rxe1+ 24. Nxe1 Ne5 25. Be2 Re8 26. Ng2 Nd7 27. Nf4 Nb6 28. b3 Bf5 29. Bd3 Bxd3 30. Nxd3 Nd7 31. Kf1 f6 32. Nf4 Ne5 33. Ne6 b6 34. f4 Ng4 35. h3 Ne3+ 36. Kf2 Nc2 37. Rd1 Kf7 38. Rd2 Nb4 39. Nc7 Rd8 40. f5 Rd7 41. Ne6 g6 42. g4 Nc6 43. dxc6 Rxd2+ 44. Ke3 Rd6 45. c7 Rc6 46. Nd8+ Ke7 47. Nxc6+ Kd7 48. Ne7 Kxc7 49. Nxg6 Kd6 50. Nf8 h6 51. Kf4 a6 52. h4 b5 53. g5 fxg5+ 54. hxg5 hxg5+ 55. Kxg5 Ke7 56. Ng6+ Kf7 57. Ne5+ Ke7 58. f6+ Kf8 59. Nd7+ Ke8 60. Nxc5 bxc4 61. bxc4 a5 62. Kg6 a4 63. f7+ Kf8 64. Kf6 a3 65. Ne6# 1-0

[Event "Penang op-B 14th"]
[Site "Penang"]
[Date "2022.12.19"]
[Round "1"]
[White "Rashidi, Amid"]
[Black "Wang, Xin Yu Aimee"]
[Result "1-0"]
[WhiteElo "1629"]
[BlackElo "1115"]
[PlyCount "131"]
[EventDate "2022.12.19"]
[EventType "swiss"]
[EventRounds "9"]
[EventCountry "MAS"]
[SourceTitle "EXT 2024"]
[Source "ChessBase"]
[SourceDate "2023.10.10"]
[SourceVersion "1"]
[SourceVersionDate "2023.10.10"]
[SourceQuality "1"]

1. e4 e6 2. d4 d5 3. Nc3 Nf6 4. e5 Nfd7 5. f4 c5 6. Nf3 Nc6 7. Be3 Be7 8. Be2 0-0 9. 0-0 a6 10. Kh1 b5 11. Qd2 Bb7 12. f5 b4 13. Na4 exf5 14. Nxc5 Bxc5 15. dxc5 Qe7 16. Qxd5 Ndxe5 17. Nxe5 Nxe5 18. Qd6 Qe8 19. Rxf5 Ng6 20. Qg3 Be4 21. Rf2 Bxc2 22. Bc4 Qe4 23. b3 Bd3 24. Rc1 Rad8 25. Bg5 Rd7 26. Qf3 Qxf3 27. gxf3 Ne5 28. Bxd3 Rxd3 29. c6 f6 30. Bf4 Nxf3 31. c7 Rc8 32. Rc4 a5 33. Rc5 Nh4 34. Kg1 Rd1+ 35. Rf1 Nf3+ 36. Kf2 Rxf1+ 37. Kxf1 Ne5 38. Ke2 Kf7 39. Ke3 Ke6 40. Kd4 Kd6 41. Rxa5 Rxc7 42. Rxe5 fxe5+ 43. Bxe5+ Kc6 44. Bxc7 Kxc7 45. Kc5 g5 46. Kxb4 h5 47. Kc3 Kc6 48. Kd3 Kd5 49. Ke3 Ke5 50. Kf3 Kf5 51. a4 Ke5 52. a5 Kd5 53. b4 Kc6 54. Ke4 Kd6 55. Kf5 g4 56. Kg5 g3 57. hxg3 Kc6 58. Kxh5 Kb5 59. g4 Kc6 60. g5 Kb5 61. g6 Kc6 62. g7 Kb5 63. g8Q Ka6 64. Qc8+ Ka7 65. a6 Kb6 66. Qb7# 1-0